Zo zápisníka Emila Lehutu Festival v meste bielych nocí

Bibliographic Details
Main Author: Lehuta, Emil, 1931-2006 (Author)
Format: Article
Language:Slovak
Subjects:

MARC

LEADER 00000nab a2200000uu 4500
001 vtls011521996
003 SK-MaSNL
005 20260303181346.0
008 230704|1968 xo |||||||||||||||||slo|
015 |a SNBRB 
035 |a (urnnbn)urn:nbn:sk:snk:ar-00235w 
035 |a (uuid)da3ad0db-aeec-40d1-9bfe-3cc37017c29d 
035 |a urn:nbn:sk:snk-abea3q 
040 |a SNKBUCL  |b slo  |c SNKBUCL  |e AACR2 
041 0 |a slo 
044 |a xo  |c SK 
100 1 |a Lehuta, Emil,  |d 1931-2006  |4 aut  |9 110640 
245 1 0 |a Zo zápisníka Emila Lehutu  |b Festival v meste bielych nocí 
650 0 7 |a filmové festivaly a prehliadky  |2 SNKPH  |9 3405 
773 0 |t Slovenské pohľady  |g Roč. 84, č. 8 (1968), s. 155-157 
850 |a Slovenská národná knižnica 
852 |a Slovenská národná knižnica 
954 |a odborná, vedecká literatúra pôvodná (slovenská)  |2 lita 
958 |a OND 
958 |a EUIPO 
958 |a article21 
999 |c 2111421  |d 2113351